International Relations (Record no. 11522)
[ view plain ]
| 000 -LEADER | |
|---|---|
| fixed length control field | 00426nam a22001817a 4500 |
| 003 - CONTROL NUMBER IDENTIFIER | |
| control field | OSt |
| 008 - FIXED-LENGTH DATA ELEMENTS--GENERAL INFORMATION | |
| fixed length control field | 220910b ||||| |||| 00| 0 eng d |
| 020 ## - INTERNATIONAL STANDARD BOOK NUMBER | |
| International Standard Book Number | 9789353386320 |
| 082 ## - DEWEY DECIMAL CLASSIFICATION NUMBER | |
| Classification number | 327.027 KHI |
| 100 ## - MAIN ENTRY--PERSONAL NAME | |
| Personal name | KHANNA, V N |
| 245 ## - TITLE STATEMENT | |
| Title | International Relations |
| 250 ## - EDITION STATEMENT | |
| Edition statement | 6th ed. |
| 260 ## - PUBLICATION, DISTRIBUTION, ETC. (IMPRINT) | |
| Place of publication, distribution, etc | Noida |
| Name of publisher, distributor, etc | Vikas Publishing House |
| Date of publication, distribution, etc | 2022 |
| 300 ## - PHYSICAL DESCRIPTION | |
| Extent | 502 |
| 650 ## - SUBJECT ADDED ENTRY--TOPICAL TERM | |
| Topical term or geographic name as entry element | B.A. |
| 700 ## - ADDED ENTRY--PERSONAL NAME | |
| Personal name | KUMAR, Leslie K |
| 942 ## - ADDED ENTRY ELEMENTS (KOHA) | |
| Source of classification or shelving scheme | Dewey Decimal Classification |
| Koha item type | Text Books |
| 942 ## - ADDED ENTRY ELEMENTS (KOHA) | |
| -- | 7 |
| Withdrawn status | Lost status | Source of classification or shelving scheme | Damaged status | Not for loan | Collection code | Home library | Current library | Date acquired | Source of acquisition | Currency | Cost, normal purchase price | Bill Number | Total Checkouts | Full call number | Acc. no. / Barcode | Date last seen | Actual Cost, discounted price | Bill Date | Koha item type | Date last borrowed |
|---|---|---|---|---|---|---|---|---|---|---|---|---|---|---|---|---|---|---|---|---|
| Dewey Decimal Classification | BA(GEN) | PIET NCR College Library | PIET NCR College Library | 02/09/2022 | Kirti Prakashan | IN Rupees | 525.00 | IN902 | 327.027 KHI | N2823 | 10/09/2022 | 362.25 | 02/09/2022 | Reference Books | ||||||
| Dewey Decimal Classification | BA(GEN) | PIET NCR College Library | PIET NCR College Library | 02/09/2022 | Kirti Prakashan | IN Rupees | 525.00 | IN902 | 3 | 327.027 KHI | N2824 | 20/09/2023 | 362.25 | 02/09/2022 | Text Books | 14/09/2023 | ||||
| Dewey Decimal Classification | BA(GEN) | PIET NCR College Library | PIET NCR College Library | 02/09/2022 | Kirti Prakashan | IN Rupees | 525.00 | IN902 | 5 | 327.027 KHI | N2825 | 04/11/2024 | 362.25 | 02/09/2022 | Text Books | 17/10/2024 | ||||
| Dewey Decimal Classification | BA(GEN) | PIET NCR College Library | PIET NCR College Library | 02/09/2022 | Kirti Prakashan | IN Rupees | 525.00 | IN902 | 5 | 327.027 KHI | N2826 | 13/08/2024 | 362.25 | 02/09/2022 | Text Books | 30/07/2024 | ||||
| Dewey Decimal Classification | BA(GEN) | PIET NCR College Library | PIET NCR College Library | 02/09/2022 | Kirti Prakashan | IN Rupees | 525.00 | IN902 | 7 | 327.027 KHI | N2827 | 16/08/2024 | 362.25 | 02/09/2022 | Text Books | 31/07/2024 |